000 00668nam a22001937a 4500
005 20210917115333.0
008 210812b mx ||||| |||| 00| 0 spa d
020 _a9682936527
050 0 4 _aPN3503
_bD43 1991
245 0 0 _aDecir la diferencia
_b : la francofonía a través de su prosa
_c / traducción, compilación, estudios y notas Laura López Morales
250 _a1a ed.
260 _aMéxico :
_bConsejo Nacional para la Cultura y las Artes,
_c1991
300 _a334 p. ;
_c21 cm.
490 0 _aCien del Mundo
504 _aBibliografía : p. 333.-334
650 7 _2lemb
_aProsa
700 1 _aLópez Morales, Laura
_etraductor
_ecompilador
942 _2lcc
_cLIB
999 _c93394
_d93394